Euroopan meret - Statistics

Yleistilastot
  • Tätä visaa on pelattu 1 022 kertaa
  • Keskiarvotulos 8 / 33
Vastaukset kartalla
Vastauksille on annettu kartalla punavihreä väri sen mukaan, kuinka moni on saanut sen oikein.
 
Vastaustilastot
Sea % Oikein
Itämeri
91%
Välimeri
85%
Pohjanmeri
84%
Mustameri
83%
Kaspianmeri
59%
Norjanmeri
51%
Adrianmeri
42%
Egeanmeri
35%
Irlanninmeri
30%
Barentsinmeri
26%
Saaristomeri
25%
Selkämeri
25%
Cantabrianmeri
23%
Ahvenanmeri
21%
Vienanmeri
19%
Asovanmeri
17%
Grönlanninmeri
16%
Joonianmeri
14%
Marmarameri
12%
Sardinianmeri
12%
Baleaarienmeri
11%
Kreetanmeri
11%
Tyrrhenanmeri
10%
Kelttimeri
9%
Ligurianmeri
8%
Karanmeri
5%
Hebridienmeri
4%
Alboráninmeri
3%
Vattimeri
3%
Traakianmeri
2%
Iroisemeri
1%
Myrtóonmeri
1%
Petšoranmeri
1%
Ehtoja vastaavia visoja ei löytynyt
Tulosjakauma
Jokaisen tuloksen saaneiden osuus
Persentiili vastausten määrän mukaan
Tuloshistoriasi
Et ole pelannut tätä visaa